02777cam a2200349 i 4500003000900000005001700009007000300026008004100029020001800070040003000088082001200118100005600130240003900186245011000225246008500335250002000420264006800440300002600508336002700534337003400561338002800595500007400623500061800697520080601315590002702121700005502148700004802203910001402251942001402265952013102279999001702410DO-SdBNP20231004141923.0ta751003s2012 sp 000 f spa d a9788425348839 aDO-SdBNPbspacBNPHUerda 4bJ272221 aJames, E. L.d1963-qErika Leonard Mitchell,98436710aFifty shades of Grey /lEspañol 10aCincuenta sombras de Grey /cE. L. James ; traducción Pilar de la Peña Minguell, Helena Trías Bello1 aCincuenta sombras de Grey :bdescubre el libro en la que se basa la película / a13a. edición  1aBarcelona, España :bPenguin Random House, bGrijalbo,c2012. a540 páginasc23 cm. 2rdacontentatextobtxt 2rdamediaasin mediación bn 2rdacarrieravolumenbnc aIncluye datos biográficos de la autora en la solapa de la portada.  aEl papel utilizado para la impresión de este libro ha sido fabricado a partir de madera procedente de bosques y plantaciones gestionados con los más altos estándares ambientales, garantizando una explotación de los recursos sostenible con el medio ambiente y beneficiosa para las personas. Por este motivo, Greenpeace acredita que este libro cumple los requisitos ambientales y sociales necesarios para ser considerado un libro ¨amigo de los bosques¨, que promueve la conservación y el uso sostenible de los bosques, en especial de los Bosques Primarios, los últimos bosques vírgenes del planeta.  aCuando la estudiante de literatura anastasia Steele recibe el encargo de entrevistar al exitoso y joven empresario Christian Grey, queda impresionada al encontrarse ante un hombre atractivo, seductor y también muy intimidante. La inexperta e inocente Ana intenta olvidarle, pero pronto comprende cuánto le desea. Grey está atormentado por sus propios demonios y le consume la necesidad de controlarlo todo, pero a su vez se ve incapaz de resistirse a la serena belleza de Ana, a su inteligencia y a su espíritu independiente. Debe admitir que la desea, pero bajo ciertas condiciones. Cuando la pareja por fin inicia una apasionada relación, las peculiares prácticas eróticas de Grey desconciertan a Ana al tiempo que ella descubre los límites de sus propios y más oscuros deseos...  aInventariado, 2023/ YL1 aPeña Minguell, Pilar de la etraducción9843811 aTrías Bello, Helenaetraducción 984382 aYlockward 2ddccLBS1 00102ddc56708GRaBNPHUbBNPHUcCTd2019-02-02eLibrería Cuestal0oBNPHU GR J27p2023-6672r2023-10-04w2023-10-04yLBS1 c55077d55077